| 000 | 00396nam a2200133Ia 4500 | ||
|---|---|---|---|
| 008 | 211118s9999||||xx |||||||||||||| ||und|| | ||
| 082 |
_a894.8121 _bPUT-K |
||
| 100 | _aPuthusseri, Ramachandran | ||
| 245 | 0 | _aKulasekhara Alvarute Perumal Thirumozhi | |
| 260 |
_bD c Books _aKottayam _c2001 |
||
| 630 | _xGeneral Stack | ||
| 650 |
_aMalayalam Literature _vMalayalam PoetryMalayalam |
||
| 942 | _cBOOK | ||
| 999 |
_c101315 _d101315 |
||